Manual de educación higiénica: con recursos y técnicas audiovisuales para su enseñanza

Uloženo v:
Podrobná bibliografie
Hlavní autoři: Villaseñor, Federico (Autor), Gómez González, Filiberto (Autor)
Médium: Kniha
Jazyk:španělština
Vydáno: Ciudad de México Trillas 1964
Vydání:2a. ed
Témata:
Tagy: Přidat tag
Žádné tagy, Buďte první, kdo vytvoří štítek k tomuto záznamu!

MARC

LEADER 00000nam a2200000 a 4500
001 UCY8676
003 CL-VaPUC
008 950703e19640000MX |||||||||||||||||spa|d
082 0 4 |a 372.3  |b VIL  |2 21 
100 0 |a Villaseñor, Federico  |e author  |9 340295 
700 0 |a Gómez González, Filiberto  |e author  |9 340296 
245 1 0 |a Manual de educación higiénica: con recursos y técnicas audiovisuales para su enseñanza 
250 |a 2a. ed 
300 |a 386 p 
942 |c BK 
945 |d 19950703 00:00:00  |a lriquelm 
260 |a Ciudad de México  |b Trillas  |c 1964 
650 7 |a EDUCACION SANITARIA  |2 CL-VaPUC  |9 339099 
650 0 |a Bienestar social   |9 255298 
650 0 |a Métodos de enseñanza  |9 270413 
650 0 |a Psicología educacional   |9 307830 
650 0 |a Sociología de la educación   |9 260380 
650 0 |a Enseñanza audiovisual  |9 268091 
650 7 |a MATERIAL AUDIOVISUAL  |2 CL-VaPUC  |9 308466 
650 7 |a MATERIAL Y EQUIPO DIDACTICOS  |2 CL-VaPUC  |9 309109 
583 |a last modification  |c 19950703 00:00:00  |k Rodrigo Vera 
999 |c 235902  |d 235900 
952 |0 0  |1 0  |4 0  |6 372_300000000000000_VIL_1964  |7 0  |8 P  |9 243621  |a BIBEDU  |b BIBEDU  |c BIBEDU_PB  |d 2019-11-18  |i 152755K  |o 372.3 VIL 1964  |p 152755K  |r 2024-01-25  |w 2019-11-18  |y BK  |k EDU 
952 |0 0  |1 0  |4 0  |6 372_300000000000000_VIL_1964  |7 0  |8 P  |9 243622  |a BIBEDU  |b BIBEDU  |c BIBEDU_PB  |d 2019-11-18  |i 1603647  |o 372.3 VIL 1964  |p 1603647  |r 2024-01-25  |w 2019-11-18  |y BK  |k EDU 
952 |0 0  |1 0  |4 0  |6 372_300000000000000_VIL_1964  |7 0  |8 P  |9 243623  |a BIBEDU  |b BIBEDU  |c BIBEDU_PB  |d 2019-11-18  |i 2012731  |o 372.3 VIL 1964  |p 2012731  |r 2024-01-25  |w 2019-11-18  |y BK  |k EDU